00709 2200241 4500001002100000005001700021008004100038020002200079035002500101040001200126082002000138084002200158245007900180260004200259300003100301440003900332650001200371700001800383850001200401990001800413990001800431990001800449INLIS00000000000529420150918133740.0  a978-979-22-9110-0 a0010-051500000000427 aYOPDYOG 223a641.5959813 aT 641.5959813 Men aMENU lengkap cita rasa dapur Minangc/ Tim ide masak; Editor, Yudho Asmoro aJakartabGramedia Pustaka Utamac2012 a52 hlm.b: Ilus.c; 21 cm. aIde masak = Sehat, lezat & praktis aMasakan aYUDHO Asomoro aYOPDYOG a18429-PD/B.15 a18430-PD/B.15 a18431-PD/B.15